000 00253nam a22001217a 4500
003 SGT
082 _a823
_bSHA
100 _aSHARMA SAVI
245 _aEVERYONE HAS A STORY
260 _aDELHI
_bWESTLAND PUB
_c2017
300 _a175
942 _2ddc
_cBK
999 _c33932
_d33932